1852 1379 1331 1457 1731 1849 1643 1332 1513 1995 1546 1460 1842 1524 1096 1512 1178 1674 1333 1869 1560 1792 1453 1751 1052 1110 1923 1266 1167 1887 1750 1212 1290 1438 1017 1687 1023 1779 1604 1444 1274 1253 1124 1963 1310 1557 1247 1989 1656 1160 1733 1249 1327 1233 1558 1587 1231 1028 1360 1648 1840 1731 1975 1624 1144 1302 1632 1634 1580 1891 1544 1970 1317 1131 1990 1347 1985 1915 1797 1588 1323 1818 1442 1915 1318 1159 1281 1638 1126 1275 1549 1945 1701 1493 1398 1438 1972 1676 1708 BCNSPRNW ULIB Ver.6.0+V

เปลี่ยนเป็นภาษาไทย

Change to English
 แสดงรายละเอียดบรรณานุกรม
  กลับหน้าหลัก

Brief Record : Get Marc (ISO 2709) : E-mail record : QR code < ปิดหน้าต่าง
LEADER : 00000nam 2200000uu 4500
001    13399124248
003     ULIB
008    150215s2557||||th 000 0 tha d
020    ^a9789740332183
060  4 ^aWW140^bจ234
110 1  ^aจุฬาลงกรณ์มหาวิทยาลัย.^bคณะแพทยศาสตร์.^bภาควิชาจักษุวิทยา
245 00 ^aจักษุจุฬา^b=Chula Eye Book. /^cบรรณาธิการ เปรมจิต เศาณานนท์
246 0  ^aChula Eye Book
250    ^aพิมพ์ครั้งที่ 1.
260    ^aกรุงเทพฯ :^bภาควิชาจักษุวิทยา คณะแพทยศาสตร์ จุฬาลงกรณ์มหาวิทยาลัย,^c2557.
300    ^a326 หน้า :^bภาพประกอบ
650  7 ^aตา, โรค^xการรักษา
650  7 ^aตา, โรค^xการวินิจฉัย
700 0  ^aเปรมจิต เศาณานนท์,^cบรรณาธิการ
945    ^p220^l0^i039101
945    ^p220^l0^i039102
945    ^p220^l0^i039103
945    ^p220^l0^i039104
945    ^p220^l0^i039105
945    ^p220^l0^i039106
945    ^p220^l0^i039107
999    ^aทศพร
รายการนี้ยังไม่มีแท็ก
คุณยังไม่ได้ล็อกอิน คุณสามารถมีกิจกรรมร่วมกับเว็บไซต์ได้ แต่ต้องล็อกอินก่อน ::
  ล็อกอิน

รายการสื่อสารสนเทศ

ลำดับที่ ประเภท เลขเรียก/บาร์โค้ด สถานที่ สถานะ
1. วิทยาศาสตร์การแพทย์ และสุขภาพ
วิทยาศาสตร์การแพทย์ และสุขภาพ
สถานะ=หนังสือเก่า
WW140 จ234 ฉ.1 
  Barcode: 039101
ห้องสมุดวิทยาเขตสวรรค์ประชารักษ์
►ส่วนจัดเก็บหนังสือเก่า สปร
บนชั้น
  ขอยืม
2. วิทยาศาสตร์การแพทย์ และสุขภาพ
วิทยาศาสตร์การแพทย์ และสุขภาพ
WW140 จ234 ฉ.2 
  Barcode: 039102
ห้องสมุดวิทยาเขตสวรรค์ประชารักษ์
►หนังสือทั่วไป
บนชั้น
3. วิทยาศาสตร์การแพทย์ และสุขภาพ
วิทยาศาสตร์การแพทย์ และสุขภาพ
สถานะ=หนังสือเก่า
WW140 จ234 ฉ.3 
  Barcode: 039103
ห้องสมุดวิทยาเขตสวรรค์ประชารักษ์
►ส่วนจัดเก็บหนังสือเก่า สปร
บนชั้น
  ขอยืม
4. วิทยาศาสตร์การแพทย์ และสุขภาพ
วิทยาศาสตร์การแพทย์ และสุขภาพ
สถานะ=หนังสือเก่า
WW140 จ234 ฉ.4 
  Barcode: 039104
ห้องสมุดวิทยาเขตสวรรค์ประชารักษ์
►ส่วนจัดเก็บหนังสือเก่า สปร
บนชั้น
  ขอยืม
5. วิทยาศาสตร์การแพทย์ และสุขภาพ
วิทยาศาสตร์การแพทย์ และสุขภาพ
สถานะ=หนังสือเก่า
WW140 จ234 ฉ.5 
  Barcode: 039105
ห้องสมุดวิทยาเขตสวรรค์ประชารักษ์
►ส่วนจัดเก็บหนังสือเก่า สปร
บนชั้น
  ขอยืม
6. วิทยาศาสตร์การแพทย์ และสุขภาพ
วิทยาศาสตร์การแพทย์ และสุขภาพ
สถานะ=หนังสือเก่า
WW140 จ234 ฉ.6 
  Barcode: 039106
ห้องสมุดวิทยาเขตสวรรค์ประชารักษ์
►ส่วนจัดเก็บหนังสือเก่า สปร
บนชั้น
  ขอยืม
7. วิทยาศาสตร์การแพทย์ และสุขภาพ
วิทยาศาสตร์การแพทย์ และสุขภาพ
สถานะ=หนังสือเก่า
WW140 จ234 ฉ.7 
  Barcode: 039107
ห้องสมุดวิทยาเขตสวรรค์ประชารักษ์
►ส่วนจัดเก็บหนังสือเก่า สปร
บนชั้น
  ขอยืม

BibComment


ยังไม่เคยถูกคอมเมนท์

คอมเมนท์ทรัพยากรรายการนี้
  คอมเมนท์: จักษุจุฬา Chula ..


 Copyright 2026. Bcnsprnw @Library